[Event "III Corporation Cup A"]
[Site "Izhevsk RUS"]
[Date "2011.07.18"]
[Round "4"]
[White "Ipatov,A RUS2"]
[Black "Lykov,S"]
[Result "0-1"]
[WhiteElo "2092"]
[BlackElo "2213"]

1.e4 d6 2.d4 g6 3.Nc3 Bg7 4.Be3 Nf6 5.f3 c6 6.Qd2 b5 7.Nge2 Nbd7 8.g4 Nb6
9.Ng3 h5 10.g5 Nfd7 11.h4 Bb7 12.a4 b4 13.Nd1 a5 14.f4 c5 15.d5 Qc7 16.c4 e6
17.Bd3 O-O-O 18.O-O Rde8 19.Re1 Bd4 20.Bf1 e5 21.f5 f6 22.Nf2 Bxe3 23.Rxe3 fxg5
24.hxg5 h4 25.Ngh1 Rh5 26.Nh3 gxf5 27.exf5 Rg8 28.Be2 Rhxg5+ 29.Nxg5 Rxg5+
30.Kh2 Nf6 31.b3 Qg7 32.Bf3 e4 33.Bxe4 Ng4+ 34.Kh3 Qxa1 35.Re2 Qg7 36.Qf4 Nd7
37.Rg2 Ndf6 38.Bf3 Kc7 39.Bxg4 Bc8 40.Nf2 Bxf5 41.Qf3 Nxg4 42.Nxg4 Qc3 43.Qxc3 bxc3
44.Rf2 Bxg4+ 45.Kxh4 Bd1  0-1

[Event "3rd International Open"]
[Site "Rethymno GRE"]
[Date "2011.07.18"]
[Round "9"]
[White "Balaskas,P"]
[Black "Townsend,M"]
[Result "1/2-1/2"]
[WhiteElo "2043"]
[BlackElo "2280"]

1.e4 g6 2.d4 Bg7 3.Nc3 d6 4.Be3 a6 5.a3 Nd7 6.f4 b5 7.d5 Bb7 8.Bd4 Ngf6 9.g4 O-O
10.g5 Nh5 11.Bxg7 Kxg7 12.Nh3 f5 13.Be2 Qe8 14.Qd4+ Kg8 15.Bxh5 gxh5 16.exf5 Rxf5
17.O-O-O Nb6 18.Qe4 Qf7 19.Rhe1 Nxd5 20.Nxd5 Bxd5 21.Qxe7 Bg2 22.Rd3 Rf8
23.b3 h4 24.g6 hxg6 25.Qxh4 Rh5 26.Qg4 Bxh3 27.Rxh3 Qxf4+ 28.Qxf4 Rxf4 29.Rc3 Rf7
30.Re2 Kg7 31.b4 Rh8 32.Rc6 Ra8 33.Kb2 a5 34.Kb3 a4+ 35.Kb2 Rh8 36.c4 bxc4
37.Rxc4 Rh3 38.Rc3 Rxc3 39.Kxc3 Rf3+ 40.Kc4 c6 41.Re6 Rxa3 42.Rxd6 Ra2 43.h4 Kh6
44.Kc3 Ra3+ 45.Kc4 Ra1 46.Kc3 Rc1+ 47.Kb2 Rc4 48.Ka3 Kh5 49.Kxa4 c5 50.Rd5+ Kxh4
51.Rxc5 Rf4 52.Ka5 g5 53.b5 Rf1 54.b6 Ra1+ 55.Kb5 g4 56.b7 Rb1+ 57.Kc6 g3
58.Rb5 Rxb5 59.Kxb5 g2 60.b8=Q g1=Q  1/2-1/2

[Event "2nd Vaujany Open A"]
[Site "Vaujany FRA"]
[Date "2011.07.18"]
[Round "5.9"]
[White "Bisby,D"]
[Black "Szabo,G ROM"]
[Result "1/2-1/2"]
[WhiteElo "2257"]
[BlackElo "2551"]

1.e4 g6 2.d4 Bg7 3.Nc3 d6 4.Be3 a6 5.Qd2 b5 6.h4 h5 7.O-O-O Bb7 8.Nh3 Nd7
9.Ng5 Nb6 10.Bd3 Rc8 11.e5 Nh6 12.Bxg6 fxg6 13.Ne6 dxe5 14.Nxd8 Rxd8 15.d5 Nc4
16.Qe2 Nxe3 17.fxe3 O-O 18.a4 Nf5 19.axb5 Ra8 20.Rh3 axb5 21.Qxb5 Nd6 22.Qd7 Bc8
23.Qxe7 e4 24.Qxc7 Be5 25.Rhh1 Bg4 26.Nb1 Rfb8 27.c3 Rb7 28.Qc6 Bd7 29.Qc5 Rb5
30.Qc7  1/2-1/2

[Event "Najdorf Memorial"]
[Site "Warsaw POL"]
[Date "2011.07.18"]
[Round "5.41"]
[White "Zaninotto,F"]
[Black "Choroszej,A"]
[Result "1-0"]
[WhiteElo "2203"]
[BlackElo "2075"]

1.e4 g6 2.d4 Bg7 3.Nc3 d6 4.Bg5 a6 5.f4 Nd7 6.Nf3 b5 7.e5 Bb7 8.Bd3 dxe5
9.fxe5 c5 10.Be4 Bxe4 11.Nxe4 cxd4 12.Nd6+ Kf8 13.O-O Qb6 14.Nd2 f6 15.exf6 Ngxf6
16.N2e4 Rd8 17.Qg4 Ne5 18.Qe6 Rxd6 19.Nxd6 d3+ 20.Kh1 Qxd6 21.Qxd6 exd6 22.Bxf6 Bxf6
23.Rxf6+ Ke7 24.Rf2 Rc8 25.cxd3 Nxd3 26.Rd2 Ne5 27.Rad1 Rc6 28.Kg1 h5 29.h3 Nd7
30.Kf2 Nf6 31.Re1+ Kf7 32.Kf3 d5 33.Re5 Rc5 34.a3 a5 35.g4 hxg4+ 36.hxg4 g5
37.Rxg5 Ne4 38.Rf5+ Ke6 39.Rdxd5 Ng5+ 40.Rxg5 Rxd5 41.Rxd5 Kxd5 42.g5 b4
43.g6 bxa3 44.g7  1-0

[Event "15th Battle of Senta Open"]
[Site "Senta SRB"]
[Date "2011.07.19"]
[Round "5.10"]
[White "Farkas,Ti"]
[Black "Balla,Ta"]
[Result "1/2-1/2"]
[WhiteElo "2260"]
[BlackElo "2406"]

1.e4 g6 2.d4 Bg7 3.Nc3 d6 4.f4 a6 5.Nf3 b5 6.Bd3 Bb7 7.O-O Nd7 8.e5 e6 9.Ne4 Nb6
10.Qe2 Ne7 11.c3 Qd7  1/2-1/2

[Event "20th ch-MKD Open"]
[Site "Struga MKD"]
[Date "2011.07.19"]
[Round "4"]
[White "Krstev,E"]
[Black "Vasovski,N"]
[Result "1/2-1/2"]
[WhiteElo "2217"]
[BlackElo "2312"]

1.d4 g6 2.Nc3 Bg7 3.e4 d6 4.g3 Nf6 5.Bg2 O-O 6.Nge2 e5 7.O-O Nc6 8.dxe5 dxe5
9.Bg5 Qxd1 10.Raxd1 h6 11.Be3 Bg4 12.f3 Bd7 13.Nd5 Nxd5 14.exd5 Ne7 15.Bc5 Rfe8
16.c4 a5 17.Rfe1 Nf5 18.Bh3 Rad8 19.Nc3 Nd6 20.Bxd7 Rxd7 21.Bxd6 cxd6 22.b3 f5
23.Nb5 Rc8 24.a4 Bf6 25.Re2 Kf7 26.Kg2 h5 27.h3 Bd8 28.f4 e4 29.Nd4 Bf6 30.Ne6 Rg8
31.h4 Bc3 32.Ng5+ Kf6 33.Rxe4 fxe4 34.Nxe4+ Kf5 35.Nxc3 Re8 36.Kf3 Rde7 37.Rd3 Re1
38.Nb5 Rf1+ 39.Kg2 Ree1 40.Nxd6+ Kg4 41.f5 Rg1+ 42.Kh2 Rh1+ 43.Kg2 Rhg1+
44.Kh2 Rh1+ 45.Kg2 Rhg1+ 46.Kh2  1/2-1/2

[Event "4th Paleohora Open"]
[Site "Paleochora GRE"]
[Date "2011.07.20"]
[Round "1"]
[White "Georgiadis,I"]
[Black "Agnantis,Dimitrios"]
[Result "1-0"]
[WhiteElo "2464"]
[BlackElo "1815"]

1.e4 g6 2.d4 Bg7 3.Nc3 d6 4.f4 e6 5.Nf3 a6 6.Bd3 Ne7 7.O-O b6 8.Qe2 O-O 9.Qf2 c5
10.Be3 Nbc6 11.Rad1 cxd4 12.Nxd4 Nxd4 13.Bxd4 Bxd4 14.Qxd4 Nc6 15.Qe3 Re8
16.f5 exf5 17.Qh6 fxe4 18.Bxe4 b5 19.Kh1 Bb7 20.Rxf7 Kxf7 21.Qxh7+  1-0

[Event "III Corporation Cup A"]
[Site "Izhevsk RUS"]
[Date "2011.07.21"]
[Round "6"]
[White "Yarullina,A"]
[Black "Poletaev,Vi"]
[Result "0-1"]
[WhiteElo "2064"]
[BlackElo "2051"]

1.e4 g6 2.d4 Bg7 3.Nc3 d6 4.f4 Nd7 5.Nf3 c5 6.Be2 cxd4 7.Nxd4 a6 8.Be3 Ngf6
9.O-O O-O 10.Nb3 Qc7 11.Qd2 b5 12.Bd4 Bb7 13.Bf3 e5 14.Be3 b4 15.Nd5 Nxd5
16.exd5 exf4 17.Bd4 Ne5 18.Qxf4 a5 19.Rae1 a4 20.Nd2 Qa5 21.Rxe5 dxe5 22.Bxe5 g5
23.Qd4 Bxe5 24.Qxe5 Qb6+ 25.Kh1 f6 26.Qg3 Qd4 27.Ne4 Qe5 28.Qxe5 fxe5 29.Nxg5 Rac8
30.Rc1 h6 31.Ne6 Rxf3 32.d6 Rf7  0-1

[Event "III Corporation Cup A"]
[Site "Izhevsk RUS"]
[Date "2011.07.21"]
[Round "6"]
[White "Belova,O"]
[Black "Lykov,S"]
[Result "1-0"]
[WhiteElo "1976"]
[BlackElo "2213"]

1.e4 g6 2.d4 Bg7 3.Nc3 d6 4.Be3 Nf6 5.Qd2 Ng4 6.Bg5 h6 7.Bh4 g5 8.Bg3 e5
9.Nge2 Nc6 10.d5 Ne7 11.f3 Nf6 12.O-O-O Ng6 13.Bf2 Qe7 14.Ng3 Nh4 15.Bb5+ Kf8
16.Rhg1 a6 17.Be2 Kg8 18.Nf1 Kh7 19.Bxh4 gxh4 20.g4 hxg3 21.hxg3 h5 22.g4 Kg8
23.Ne3 hxg4 24.fxg4 Nh7 25.Kb1 Qg5 26.Qd3 Nf8 27.Nf5 Ng6 28.Qc4 Qd8 29.Bf3 Bf6
30.Ne2 Bg5 31.Neg3 Bd7 32.Rh1 Nh4 33.Qe2 Bf4 34.Rh3 Bxg3 35.Nxg3 Ng6 36.Rxh8+ Nxh8
37.Qh2 Qf6 38.Rh1 Ng6 39.Nf5 Re8 40.Qh7+ Kf8 41.g5 Qxg5 42.Qg7+  1-0

[Event "Czech Open G Rapid"]
[Site "Pardubice CZE"]
[Date "2011.07.21"]
[Round "7.15"]
[White "Oparin,G"]
[Black "Rozum,I"]
[Result "0-1"]
[WhiteElo "2356"]
[BlackElo "2464"]

1.e4 g6 2.d4 Bg7 3.Nc3 d6 4.f4 c6 5.Nf3 Bg4 6.Be3 Qb6 7.Qd2 Bxf3 8.gxf3 Nd7
9.O-O-O Qa5 10.Bc4 b5 11.Bb3 Nb6 12.Kb1 Nf6 13.h4 Nh5 14.Rdg1 Rb8 15.Rg5 Bh6
16.Rxh5 gxh5 17.f5 Bxe3 18.Qxe3 Nc4 19.Qh6 Qb6 20.Rd1 a5 21.a4 bxa4 22.Nxa4 Qb4
23.e5 Rf8 24.exd6 Qxd6 25.f6 Nb6 26.Re1 e6 27.Nc5 Nd5 28.Qxh5 Kd8 29.Qxh7 Nxf6
30.Qg7 Nd5 31.h5 a4 32.Nxa4 Kc7 33.Nc5 Rbe8 34.h6 Ne7 35.h7 Qh2 36.Bxe6 Nf5
37.Qf6 fxe6 38.Nxe6+ Kb6 39.Nxf8 Rxe1+ 40.Ka2 Qxc2 41.Qd8+ Kb5 42.Qa8 Qb1+  0-1

[Event "15th Battle of Senta Open"]
[Site "Senta SRB"]
[Date "2011.07.21"]
[Round "7.13"]
[White "Nestorovic,L"]
[Black "Balla,Ta"]
[Result "1/2-1/2"]
[WhiteElo "2428"]
[BlackElo "2406"]

1.e4 g6 2.d4 Bg7 3.Nc3 d6 4.Bg5 c6 5.Qd2 b5 6.f4 b4 7.Nd1 Qb6 8.Nf3 Bg4 9.e5 f6
10.exf6 Nxf6 11.Nf2 Bxf3 12.gxf3 Nd5 13.O-O-O Rf8 14.Bh3 Nd7 15.Rhe1 Kd8
16.Re6 Bf6 17.Bh6 Re8 18.Ne4 Qa5 19.Kb1 Kc7 20.Re1 Red8 21.Ka1 Rab8 22.Nxf6 exf6
23.Bf1 N7b6 24.Qd3 Kb7 25.Qb3 Ka8 26.Bd3 Rd7 27.h4 f5 28.Bg5 c5 29.Be7 Rc8
30.Bc4 Nxe7 31.Rxe7 d5 32.Bf1 c4 33.Qe3 b3 34.cxb3 cxb3 35.a3 Rxe7 36.Qxe7 Qd2
37.Rb1 Qxf4 38.Ba6 Qc7 39.Qe3 Nc4 40.Qxb3 Rb8 41.Qc3 Rb6 42.Bxc4 Qxc4 43.Qxc4 dxc4
44.Rc1 Rb3 45.Rxc4 Rxf3 46.Rc7 Rd3 47.Rxh7 Rxd4 48.h5 gxh5 49.Rxh5 Rf4 50.Rh7 a5
51.Kb1 a4 52.Kc2 Kb8 53.Kc3 Rf3+ 54.Kc2 Rf2+ 55.Kc3 Rf3+ 56.Kc4 Rf2  1/2-1/2

[Event "2nd Vaujany Open A"]
[Site "Vaujany FRA"]
[Date "2011.07.22"]
[Round "9.2"]
[White "Berbatov,K"]
[Black "Nevednichy,V"]
[Result "1/2-1/2"]
[WhiteElo "2472"]
[BlackElo "2523"]

1.e4 d6 2.Nc3 g6 3.d4 Bg7 4.Be3 c6 5.f3 b5 6.Qd2 Nd7 7.h4 h6 8.g4 Nb6 9.b3 h5
10.gxh5 Rxh5 11.Nce2 Bf6 12.Bf2 e5 13.O-O-O Qc7 14.f4 Bg4 15.Bh3 Bxh3 16.Rxh3 exf4
17.Nxf4 Rh8 18.e5 Bg7 19.Nf3 O-O-O 20.e6 Bh6 21.exf7 Qxf7 22.Ng5 Bxg5 23.hxg5 Rxh3
24.Nxh3 Nd5 25.Bg3 Nge7 26.Nf4 Nf5 27.Nxd5 Qxd5 28.Bf2 Re8 29.Re1 Re4 30.Kb2 Kb7
31.c4 Qe6 32.cxb5 cxb5 33.Rxe4 Qxe4 34.d5 Ne7 35.Bg3 Nf5 36.Bf2 Ne7 37.Bg3 Nc8
38.Ka3 a6 39.Qc3 Ne7 40.Bxd6 Nxd5 41.Qd2 Kc6 42.Bf8 Kd7 43.Bc5 Qh1 44.Kb2 Ke6
45.Qc2 Qh8+ 46.Ka3 Qg8 47.Bd4 Kd7 48.Qc5 Qa8 49.Kb2 Qb7 50.Qc2 Qc6 51.Qxc6+ Kxc6
52.a4 Kd6 53.axb5 axb5 54.Kc2 Nb4+ 55.Kc3 Nc6  1/2-1/2

[Event "2nd Vaujany Open A"]
[Site "Vaujany FRA"]
[Date "2011.07.22"]
[Round "9.8"]
[White "Ban,D"]
[Black "Milchev,N"]
[Result "0-1"]
[WhiteElo "2161"]
[BlackElo "2389"]

1.e4 g6 2.d4 Bg7 3.Nc3 d6 4.f4 a6 5.Nf3 b5 6.Bd3 Bb7 7.a4 b4 8.Ne2 a5 9.O-O Nd7
10.c3 e6 11.cxb4 axb4 12.f5 exf5 13.exf5 Ngf6 14.fxg6 hxg6 15.Nf4 Ne4 16.Re1 Qe7
17.Bd2 Bh6 18.Qc2 Ndf6 19.d5 b3 20.Qc4 Bxf4 21.Qb5+ c6 22.Qxb3 Bxd2 23.Nxd2 cxd5
24.a5 O-O 25.Nf3 Ba6 26.Bxa6 Rxa6 27.Qa3 Rb8 28.Re2 Qa7+ 29.Kh1 Qc5 30.Qa4 Rb4
31.Qa3 Ng4 32.Rf1 Rxa5 33.Qd3 Ngf2+  0-1

[Event "XXIX Andorra Open"]
[Site "Arinsal AND"]
[Date "2011.07.24"]
[Round "9.20"]
[White "Moussard,J"]
[Black "Lillo Ferrer,J"]
[Result "1-0"]
[WhiteElo "2426"]
[BlackElo "2151"]

1.e4 g6 2.d4 Bg7 3.Nc3 d6 4.f4 a6 5.Nf3 b5 6.Bd3 Nd7 7.e5 c5 8.e6 fxe6 9.Ng5 Bxd4
10.Nxe6 Qa5 11.Bd2 b4 12.Nd5 Bxb2 13.Ndc7+ Kf7 14.Bc4 Ndf6 15.Rb1 d5 16.Ng5+ Kg7
17.Nxa8 dxc4 18.Rxb2 Bg4 19.Nc7 Nh6 20.Nce6+ Kg8 21.Qb1 Qb6 22.f5 Bxf5 23.O-O Bxe6
24.Nxe6 Nhg4 25.Qe1 c3 26.Bxc3 Qd6 27.g3 bxc3 28.Rb7 Qd2 29.Qxd2 cxd2 30.Rxe7  1-0

[Event "ch-AUT"]
[Site "Linz AUT"]
[Date "2011.07.24"]
[Round "2"]
[White "Rieger,R"]
[Black "Bauer,Man AUT"]
[Result "1/2-1/2"]
[WhiteElo "2150"]
[BlackElo "1968"]

1.e4 g6 2.d4 Bg7 3.Nc3 d6 4.Be3 Nd7 5.Qd2 b6 6.f3 c5 7.g4 Bb7 8.h4 h5 9.g5 a6
10.Nh3 e6 11.Be2 Ne7 12.dxc5 dxc5 13.O-O-O Qc7 14.Bf4 Qc6 15.Bd6 Nc8 16.Bg3 Ne7
17.Nb1 Rd8 18.c3 O-O 19.Qc2 Qc8 20.Nd2 b5 21.Rhf1 c4 22.f4 Nc5 23.Nf2 Rd7
24.Nf3 Rfd8 25.Rxd7 Rxd7 26.Rd1 Qd8 27.Rxd7 Qxd7 28.Qd2 Qxd2+ 29.Nxd2 Kf8
30.Kc2 Ke8 31.Bf3 Kd7 32.b3 cxb3+ 33.axb3 Nc8 34.Nd3 Nxd3 35.Kxd3 a5 36.Bf2 Bf8
37.f5 exf5 38.exf5 Bxf3 39.Nxf3 gxf5  1/2-1/2

[Event "Landon Brownell Memorial"]
[Site "Los Angeles USA"]
[Date "2011.07.24"]
[Round "8"]
[White "Taylor,T"]
[Black "Liu,E"]
[Result "0-1"]
[WhiteElo "2279"]
[BlackElo "2291"]

1.d4 g6 2.e4 Bg7 3.Nc3 d6 4.f4 a6 5.Nf3 b5 6.a3 Bb7 7.Be3 Nd7 8.e5 c5 9.e6 fxe6
10.Ng5 Nf8 11.dxc5 Nf6 12.Bd3 Bxg2 13.Rg1 Nd5 14.Nxd5 Bxd5 15.c3 Rc8 16.Qc2 dxc5
17.Nxh7 Kd7 18.Ng5 Qa5 19.Rd1 Kc6 20.Bxc5 Bxc3+ 21.Kf1 Kb7 22.b4 Qxa3 23.Be4 Bxb4
24.Nxe6 Nxe6 25.Rxd5 Kb8 26.Rxg6 Bxc5 27.Rxe6 Qh3+ 28.Qg2 Qxe6 29.Bf5 Qe3
30.Bxc8 Qxf4+ 31.Ke2 Rxh2  0-1

[Event "4th Paleohora Open"]
[Site "Paleochora GRE"]
[Date "2011.07.24"]
[Round "6"]
[White "Hristodoulou,P"]
[Black "Khetsuriani,B"]
[Result "0-1"]
[WhiteElo "2174"]
[BlackElo "2325"]

1.e4 d6 2.d4 g6 3.Nc3 Bg7 4.Be3 a6 5.Qd2 b5 6.Bd3 Bb7 7.f3 Nd7 8.a4 c6 9.Nge2 Ngf6
10.O-O O-O 11.Kh1 e5 12.axb5 cxb5 13.d5 Qc7 14.g4 Nb6 15.b3 Nfd7 16.Ng3 Nc5
17.Nce2 Nbd7 18.Rfc1 Rfc8 19.b4 Nxd3 20.cxd3 Qd8 21.Nc3 Qe7 22.Ra2 Qd8 23.Raa1 Rc7
24.Ra2 Rac8 25.Rac2 Kh8 26.Qf2 Bf6 27.Qd2 Bg7 28.Qf2 Kg8 29.Qd2 Ra8 30.Kg2 Rcc8
31.Ra2 Bf8 32.h4 a5 33.Nxb5 Rxc1 34.Qxc1 axb4 35.Na7 Nc5 36.Bxc5 dxc5 37.Qb1 Qb6
38.Nc6 Bxc6 39.dxc6 Rxa2+ 40.Qxa2 Qxc6 41.Nf1 Qf6 42.Ne3 Qxh4 43.Nd5 Qd8
44.Qa7 Bd6 45.Kf2 Kg7 46.Qa4 Qb8 47.Qb3 h6 48.Ne3 Be7 49.Nc4 Qd8 50.Ke2 Qd4
51.Ne3 Bg5 52.Nd5 Qg1  0-1

[Event "20th ch-MKD Open"]
[Site "Struga MKD"]
[Date "2011.07.24"]
[Round "9"]
[White "Hristovski,S"]
[Black "Popovic,AM"]
[Result "0-1"]
[WhiteElo "2145"]
[BlackElo "2321"]

1.d4 g6 2.e4 Bg7 3.Nc3 d6 4.h3 Nd7 5.Be3 a6 6.g4 b5 7.Bg2 Bb7 8.Nge2 b4 9.Nd5 a5
10.c4 e6 11.Ndf4 c5 12.Nd3 h5 13.g5 Rc8 14.d5 exd5 15.exd5 Ne7 16.Be4 Nb6
17.Rc1 Qd7 18.Qd2 O-O 19.Bf4 Rfe8 20.f3 Nf5 21.Kf2 a4 22.Ng3 Nd4 23.Ne2 Ba6
24.Nxd4 Bxd4+ 25.Kg2 Nxc4 26.Qe2 Bb5 27.Rb1 Nxb2 28.Rxb2 Bxd3 29.Bxd3 Rxe2+
30.Rxe2 c4  0-1

[Event "TCh-POR 1st Div"]
[Site "Torres Vedras POR"]
[Date "2011.07.25"]
[Round "3.2"]
[White "Figuero Toro,J"]
[Black "Pereira,Rub"]
[Result "1/2-1/2"]
[WhiteElo "2226"]
[BlackElo "2436"]

1.e4 g6 2.d4 Bg7 3.Nc3 d6 4.Nf3 Nf6 5.h3 O-O 6.Be3 Nc6 7.Bb5 e5 8.Bxc6 exd4
9.Nxd4 bxc6 10.Nxc6 Qe8 11.Nd5 Qxe4 12.O-O Bb7 13.Qd4 Qxd4 14.Nde7+ Kh8 15.Bxd4 Ng8
16.Nxg8 Bxc6 17.Nf6 Rab8 18.c4 Bxf6 19.Bxf6+ Kg8 20.Rfe1 Rfe8 21.Rac1 Re6
22.Rxe6 fxe6 23.c5 Bd5 24.cxd6 cxd6 25.Rc7 Rb7 26.Rxb7 Bxb7 27.Be7 d5 28.Bc5  1/2-1/2

[Event "15th Godesburg Open"]
[Site "Bad Godesberg GER"]
[Date "2011.07.27"]
[Round "5.7"]
[White "Mittmann,J"]
[Black "Weiler,W"]
[Result "1/2-1/2"]
[WhiteElo "2040"]
[BlackElo "2138"]

1.e4 g6 2.d4 Bg7 3.Nc3 d6 4.Be3 c6 5.Qd2 Nd7 6.h3 a6 7.f4 b5 8.Nf3 Nb6 9.a4 b4
10.Nd1 a5 11.Bd3 Nf6 12.O-O O-O 13.Nh4 Ba6 14.Qe2 Bb7 15.f5 Rc8 16.c3 c5
17.Nf2 Nh5 18.Qg4 Nf6 19.Qe2 cxd4 20.Bxd4 Nbd7 21.cxb4 axb4 22.Nf3 Nc5 23.Rfe1 Nb3
24.fxg6 hxg6 25.Rad1 Nxd4 26.Nxd4 Qa5 27.Bb5 Qa8 28.Rd2 Rc5 29.Qd3 Re5 30.Rde2 d5
31.Qb3 dxe4 32.Qxb4 e3 33.Nd3 Nd5 34.Qb3 Rg5 35.Nf3 Rg3 36.Rf1 e5 37.Nc5 Nf4
38.Nxb7 Qxb7 39.Qxe3 Nxe2+ 40.Qxe2 e4 41.Qe1 Rxg2+ 42.Kxg2 exf3+ 43.Rxf3 Bxb2
44.Qb1 Bf6 45.Bd3 Qd5 46.Qb5 Qa8 47.Qa6 Qxa6  1/2-1/2

[Event "98th ch-GBR"]
[Site "Sheffield ENG"]
[Date "2011.07.28"]
[Round "4.32"]
[White "Ledger,D"]
[Black "McKenna,Jas"]
[Result "1/2-1/2"]
[WhiteElo "2277"]
[BlackElo "2098"]

1.e4 g6 2.d4 Bg7 3.Nc3 d6 4.f4 c6 5.Nf3 Bg4 6.Be3 Qb6 7.Qd2 Bxf3 8.gxf3 Nd7
9.Rg1 Bh6 10.Bc4 Qc7 11.f5 Bxe3 12.Qxe3 Ngf6 13.Qh6 d5 14.fxg6 fxg6 15.Bb3 dxe4
16.fxe4 O-O-O 17.O-O-O Nh5 18.e5 Rdf8 19.Rgf1 Qd8 20.Be6 Kb8 21.Bf7 Ndf6
22.Be6 Nd7 23.Bg4 Rxf1 24.Rxf1 Nb6 25.Ne2 Nc4 26.Rf7 Qd5 27.Rf8+ Kc7 28.Bf3 Rxf8
29.Qxf8 Qd7 30.Qf7 b5 31.b3 Ne3 32.Bxh5 gxh5 33.Qxh7 Nf5 34.c3 b4 35.cxb4 Nxd4
36.Nxd4 Qxd4 37.Qxe7+ Kb6 38.Kb1 Qd1+ 39.Kb2 Qe2+ 40.Ka3 Qa6+ 41.Kb2 Qe2+
42.Kc1 Qe1+ 43.Kb2  1/2-1/2

[Event "Biel MTO Open"]
[Site "Biel SUI"]
[Date "2011.07.29"]
[Round "11"]
[White "Raetsky,A"]
[Black "Megaranto,S"]
[Result "1/2-1/2"]
[WhiteElo "2425"]
[BlackElo "2544"]

1.d4 d6 2.e4 g6 3.Nc3 Bg7 4.Nf3 Bg4 5.Be2 Nd7 6.Be3 Bxf3 7.Bxf3 e5 8.O-O Ne7
9.Qd2 O-O 10.Rad1 Kh8 11.Rfe1 f6 12.b3 a6 13.a4 Qe8 14.g3 Nc6 15.Ne2 Qf7
16.Bg2 f5 17.exf5 Qxf5 18.dxe5 Ndxe5 19.Nd4 Qh5 20.Nxc6 bxc6 21.Bd4 Nf3+
22.Bxf3 Qxf3 23.Re7 Rf7 24.Rde1 Raf8 25.R1e3 Qf5 26.Bxg7+ Kxg7 27.R3e4 c5
28.Qe2 a5 29.Qd2 Qf6 30.Rxf7+ Rxf7 31.Rf4 Qa1+ 32.Kg2 Rxf4 33.Qxf4 Qe1 34.h4 Qe2
35.Qg5  1/2-1/2

[Event "9th Metropolitan Invitational"]
[Site "Los Angeles USA"]
[Date "2011.07.29"]
[Round "4"]
[White "Amanov,Z"]
[Black "Liu,E"]
[Result "1-0"]
[WhiteElo "2382"]
[BlackElo "2291"]

1.e4 g6 2.d4 Bg7 3.Nc3 d6 4.f4 a6 5.Nf3 b5 6.Bd3 Nd7 7.e5 Bb7 8.O-O c5 9.Be4 Bxe4
10.Nxe4 cxd4 11.exd6 Qb6 12.a4 exd6 13.axb5 Ne7 14.bxa6 O-O 15.Re1 Rxa6 16.Rxa6 Qxa6
17.Nxd4 Qb6 18.Be3 Qxb2 19.f5 Nd5 20.Bf2 Nb4 21.c3 Nd5 22.Qf3 Ne5 23.Qg3 Nc4
24.Qh4 Re8 25.f6 Bh8 26.Qg4 Ne5 27.Qg3 Nxf6 28.Nxd6 Nh5 29.Qh4 Ra8 30.Qe4 Ra2
31.Rf1 Ra4 32.Be1 Ra2 33.Nxf7 Nf6 34.Nh6+ Kf8 35.Bh4 Bg7 36.Ne6+ Ke7 37.Nxg7  1-0

[Event "COQ Invitational"]
[Site "Montreal CAN"]
[Date "2011.07.29"]
[Round "8"]
[White "Kleinman,Michael"]
[Black "Meszaros,Mi"]
[Result "1-0"]
[WhiteElo "2221"]
[BlackElo "2418"]

1.e4 g6 2.d4 Bg7 3.Nc3 d6 4.Be3 a6 5.Qd2 Nd7 6.h4 h5 7.Nh3 b5 8.Ng5 e6 9.a4 b4
10.Nd1 Rb8 11.Bc4 Ndf6 12.Qe2 a5 13.f3 Ne7 14.Nf2 d5 15.Bb5+ c6 16.Bd3 Ra8
17.c4 bxc3 18.bxc3 Nd7 19.O-O O-O 20.Rab1 Qc7 21.e5 Nb6 22.Qc2 Nf5 23.Bf4 Ba6
24.g4 hxg4 25.fxg4 Bxd3 26.Nxd3 Nh6 27.Nc5 Nxg4 28.Ncxe6 Qa7 29.Nxf8 Rxf8
30.h5 f5 31.hxg6 Nc4 32.Ne6 Nge3 33.Qh2 Bxe5 34.Bxe5 Nxe5 35.Qh7+ Qxh7 36.gxh7+ Kxh7
37.Nxf8+  1-0

[Event "5th AD San Juan Open"]
[Site "Pamplona ESP"]
[Date "2011.07.29"]
[Round "7"]
[White "Fedorchuk,S"]
[Black "Almeida Quintana,O"]
[Result "1-0"]
[WhiteElo "2618"]
[BlackElo "2548"]

1.e4 g6 2.d4 Bg7 3.Nc3 d6 4.Be3 a6 5.h4 h5 6.Qd2 b5 7.f3 Nd7 8.Nh3 Nb6 9.Ng5 c6
10.Bd3 Qc7 11.a4 b4 12.Ne2 a5 13.Nf4 Nh6 14.c4 bxc3 15.bxc3 e5 16.Ne2 f6
17.dxe5 dxe5 18.Qb2 Rb8 19.Rb1 fxg5 20.Bxb6 Qe7 21.hxg5 Qxg5 22.Qd2 Qxg2
23.Rg1 Qxf3 24.Rxg6 Bf6 25.Kd1 Ng4 26.Kc2 Kf7 27.Ng1 Qh1 28.Rxf6+ Nxf6 29.Rf1 Rxb6
30.Qf2 c5 31.Nf3 Qxf3 32.Qxf3 Bg4 33.Qe3 Kg6 34.Qxc5 Re6 35.Bc4 Ree8 36.Qxa5 h4
37.Qb6 Rhf8 38.Qg1 Kh5 39.Be2 Rg8 40.Rxf6 Bxe2 41.Rf5+  1-0

[Event "98th ch-GBR"]
[Site "Sheffield ENG"]
[Date "2011.07.29"]
[Round "5.23"]
[White "Magee,Ronan"]
[Black "Boyd,J"]
[Result "0-1"]
[WhiteElo "1953"]
[BlackElo "2200"]

1.e4 g6 2.d4 Bg7 3.Nc3 d6 4.Be3 a6 5.Bc4 e6 6.Nge2 Ne7 7.Qd2 h6 8.a4 b6 9.h4 d5
10.exd5 exd5 11.Bb3 Be6 12.O-O-O Nbc6 13.h5 g5 14.Kb1 Qd7 15.f4 g4 16.Ng3 O-O-O
17.Rhf1 Bf5 18.Nxf5 Qxf5 19.Rh1 Na5 20.Ba2 Bf6 21.Ne2 Qd7 22.Qd3 Kb7 23.Bb3 Nf5
24.Bf2 Rhe8 25.Rhe1 Nxb3 26.Qxb3 Re4 27.Qd3 Rde8 28.b3 R8e7 29.g3 Qe8 30.Rh1 Rxe2
31.Qxf5 Rxf2 32.Qxf6 Ree2 33.Qf5 Qc6 34.Rc1 Ka8 35.Rh4 Qc3 36.Ka2 Rxc2+ 37.Rxc2 Rxc2+
38.Ka3 Qa1+  0-1

[Event "ch-AUT"]
[Site "Linz AUT"]
[Date "2011.07.30"]
[Round "8"]
[White "Wegerer,J"]
[Black "Bauer,Man AUT"]
[Result "1-0"]
[WhiteElo "2082"]
[BlackElo "1968"]

1.e4 g6 2.d4 Bg7 3.Nc3 d6 4.Be3 Nd7 5.Qd2 b6 6.O-O-O c5 7.h4 h5 8.f3 Bb7
9.Nh3 a6 10.Ng5 Ngf6 11.Be2 Nh7 12.Nxh7 Rxh7 13.g4 Qc7 14.g5 e6 15.Kb1 c4
16.f4 d5 17.exd5 Bxd5 18.Nxd5 exd5 19.Bf3 Qc6 20.Qg2 O-O-O 21.Bxd5 Qb5 22.c3 Bf8
23.Bc6 Qf5+ 24.Ka1 Nb8 25.Be4 Qa5 26.Rhf1 Bd6 27.Bd2 b5 28.f5 Rg7 29.f6 Rgg8
30.Rfe1 Qc7 31.Rf1 Nd7 32.Qh3 Kb8 33.Bg2 Rge8 34.Qf3 Nb6 35.Rde1 Bg3 36.Re7 Rxe7
37.fxe7 Re8 38.Qxf7 Rxe7 39.Qf3 Ka7 40.a3 Bxh4 41.Bf4 Qd7 42.Rh1 Re1+ 43.Rxe1 Bxe1
44.Qe4 Bh4 45.Qxg6 Qg4 46.Qf7+ Nd7 47.Bf3 Qh3 48.Qd5  1-0

[Event "5th AD San Juan Open"]
[Site "Pamplona ESP"]
[Date "2011.07.30"]
[Round "8"]
[White "Castellanos Rodriguez,R"]
[Black "Chatalbashev,B"]
[Result "1/2-1/2"]
[WhiteElo "2497"]
[BlackElo "2596"]

1.e4 g6 2.d4 Bg7 3.Nc3 d6 4.Be3 a6 5.Qd2 Nd7 6.h4 h5 7.Nh3 b5 8.Ng5 Bb7 9.f3 Rc8
10.O-O-O c5 11.dxc5 Nxc5 12.Kb1 Qc7 13.g3 Nf6 14.Bh3 Ncd7 15.Bd4 O-O 16.Bxd7 Qxd7
17.Ne2 Qc7 18.Bc3 d5 19.e5 Nh7 20.Nxh7 Kxh7 21.Bd4 Bxe5 22.f4 Bxd4 23.Nxd4 e5
24.fxe5 Qxe5 25.g4 Rce8 26.Rde1 Qg3 27.gxh5 Rxe1+ 28.Rxe1 Qxh4 29.hxg6+ fxg6
30.a3 Bc8 31.Re2 Qf4 32.Qc3 Bg4 33.Re1 Rc8 34.Qb4 Rc7 35.Ka1 g5 36.c3 Kg6
37.Qb3 Qf2 38.Rh1 Bf3 39.Nxf3 Qxf3 40.Qc2+ Qe4 41.Qh2 Qf4 42.Qh6+ Kf5 43.Re1 g4
44.Qe6+ Kg5 45.Qxd5+ Kh4 46.Rh1+ Kg3 47.Rg1+ Kh4 48.Qd8+ Kh5 49.Rh1+ Kg6
50.Qg8+ Kf6 51.Qh8+ Kg6 52.Qh5+ Kf6 53.Qh4+ Kg6 54.Qh5+ Kf6 55.Qh4+  1/2-1/2

[Event "98th ch-GBR"]
[Site "Sheffield ENG"]
[Date "2011.07.30"]
[Round "6.41"]
[White "Weaving,Richard"]
[Black "McKenna,Jas"]
[Result "1/2-1/2"]
[WhiteElo "2070"]
[BlackElo "2098"]

1.e4 g6 2.d4 Bg7 3.Nc3 d6 4.f4 c6 5.Nf3 Nd7 6.Be3 Ngf6 7.Qd2 e5 8.h3 Nh5
9.g4 Nxf4 10.Bxf4 exf4 11.Qxf4 Qf6 12.Qg3 h5 13.g5 Qe7 14.Bd3 Nb6 15.O-O Be6
16.a4 Bc4 17.a5 Bxd3 18.cxd3 Nd7 19.a6 b6 20.b4 b5 21.Rac1 h4 22.Qf2 Rh5
23.Ne2 c5 24.bxc5 dxc5 25.dxc5 Ne5 26.Nxe5 Bxe5 27.Kh1 Qe6 28.Qf3 Rxg5 29.Rg1 Bg3
30.Qf1 Rd8 31.Rd1 f5 32.Nxg3 Rxg3 33.Rxg3 hxg3 34.exf5 Qd5+ 35.Qg2 gxf5 36.Qxd5 Rxd5
37.d4 f4 38.Kg2 b4 39.Kf3 b3 40.h4 b2 41.Rb1 Rxd4 42.Rxb2 Rc4 43.Rb7 Rxc5
44.Rxa7 Rc6 45.Ra8+ Kf7 46.a7 Ra6 47.Rb8 Rxa7  1/2-1/2

[Event "15th HZ Open"]
[Site "Vlissingen NED"]
[Date "2011.07.30"]
[Round "1"]
[White "Boele,Martijn"]
[Black "Colijn,S"]
[Result "0-1"]
[WhiteElo "1813"]
[BlackElo "2207"]

1.e4 g6 2.d4 Bg7 3.Nc3 d6 4.Be3 a6 5.h4 h5 6.Qd2 b5 7.Nh3 c6 8.O-O-O Nd7
9.f4 Ndf6 10.Ng5 Ng4 11.Bg1 Qc7 12.Bd3 e5 13.dxe5 dxe5 14.f5 f6 15.fxg6 fxg5
16.hxg5 Be6 17.Bc5 O-O-O 18.a4 Ne7 19.axb5 axb5 20.Na4 Qb7 21.Nb6+ Kb8 22.Qa5 Nc8
23.Rdf1 Qa7 24.b4 Qxa5 25.bxa5 Nxb6 26.axb6 Bf8 27.Rxf8 Rhxf8 28.Be7 Rg8
29.Bxd8 Rxd8 30.Rxh5 Rg8 31.Rh7 Rxg6 32.Rc7 Bg8 33.Be2 Ne3 34.Bh5 Rxg5 35.Be8 Rxg2
36.Bxc6 Rxc2+ 37.Kb1 Rxc6 38.Rxc6 Bh7 39.Rc5 Bxe4+ 40.Kc1 Nc4 41.Rxb5 Bd3
42.Rb4 e4 43.b7 e3 44.Kd1 e2+ 45.Ke1 Ne3 46.Kf2 Ng2  0-1

[Event "26th Avoine Open"]
[Site "Avoine FRA"]
[Date "2011.07.31"]
[Round "9"]
[White "Lagarde,Max"]
[Black "Haub,TM"]
[Result "1/2-1/2"]
[WhiteElo "2433"]
[BlackElo "2464"]

1.e4 g6 2.d4 Bg7 3.Nc3 d6 4.f4 a6 5.Nf3 e6 6.Bd3 Ne7 7.Be3 Nd7 8.Qd2 b5 9.O-O-O Nf6
10.a3 Bb7 11.Kb1 Qd7 12.e5 Nfd5 13.Nxd5 Bxd5 14.Qe2 Qc6 15.Rhf1 Bc4 16.Nd2 Bxd3
17.Qxd3 O-O 18.g4 f5 19.exf6 Bxf6 20.Ne4 Qc4  1/2-1/2